000 01210nji a22002657a 4500
005 20100903161258.0
006 a|||||r|||||00| 0
007 sd ammalaaahaa
008 100830t xxu||||| |||| 00| 0 eng d
028 _aN 54770
_bHis Master's Voice
035 _aGR-01400
040 _aSED
_cSED
100 _917455
_aKalyanpur, Suman
245 _aFlying circus /
_cby suman Kalyanpur [and] Kamal Barot ; Music by Robin ; Lyric by Yogesh
_h[sound recording] :
246 _aफ्लाईंग सिर्कुस / सुमन कल्यानपुर द्वारा
260 _aDum Dum, India
_bHis Master's Voice
300 _a1 sound disc [Gramophone Recording]:
_banalog, 33 1/3 rpm
_c9.5 in. (MP)
_fGramophone Record
500 _aBrief Record
505 _a Side 1 (दिलवालों में बंजारन ) Dilwalo mein banjaranSide ( Suman Kalyanpur )-2 टिम टिमा टिम (Tim tima tim ) (Kamal Barot)
650 _aClassical music
_zIndia
_91186
_xExcerpts
700 _917416
_aBarot, Kamal
700 _917456
_aKalyanpur, Suman
942 _2ddc
_cGR
999 _c44630
_d44630